| 000 | 00452nam a22001697a 4500 | ||
|---|---|---|---|
| 003 | OSt | ||
| 005 | 20260415082941.0 | ||
| 008 | 260415b |||||||| |||| 00| 0 eng d | ||
| 020 | _a9716680287 | ||
| 040 |
_aDWCL GS lib _cOC |
||
| 082 | _aRes.(Fil.) 808.81 B336b 1998 | ||
| 100 | _aBatubalani, A.M. | ||
| 245 |
_aBook of Poems _cA.M. Batubalani |
||
| 300 |
_a111 pages: _c12cm. |
||
| 546 | _aEnglish | ||
| 942 |
_2ddc _cBK-0 CIRC _hRes.(Fil.) _n0 |
||
| 999 |
_c9470 _d9470 |
||